|
|
|
|
| LEADER |
00000cam a22000004a 4500 |
| 001 |
musev2_28577 |
| 003 |
MdBmJHUP |
| 005 |
20230905043027.0 |
| 006 |
m o d |
| 007 |
cr||||||||nn|n |
| 008 |
140211s2013 mdu o 00 0 eng d |
| 020 |
|
|
|a 9781421411460
|
| 020 |
|
|
|z 9781421416984
|
| 020 |
|
|
|z 9781421411453
|
| 035 |
|
|
|a (OCoLC)870305354
|
| 040 |
|
|
|a MdBmJHUP
|c MdBmJHUP
|
| 100 |
1 |
|
|a Tiffany, Daniel.
|
| 245 |
1 |
0 |
|a My Silver Planet :
|b A Secret History of Poetry and Kitsch /
|c Daniel Tiffany.
|
| 264 |
|
1 |
|a Baltimore, Maryland :
|b The Johns Hopkins University Press,
|c 2013.
|
| 264 |
|
3 |
|a Baltimore, Md. :
|b Project MUSE,
|c 2014
|
| 264 |
|
4 |
|c ©2013.
|
| 300 |
|
|
|a 1 online resource (312 pages).
|
| 336 |
|
|
|a text
|b txt
|2 rdacontent
|
| 337 |
|
|
|a computer
|b c
|2 rdamedia
|
| 338 |
|
|
|a online resource
|b cr
|2 rdacarrier
|
| 490 |
0 |
|
|a Hopkins Studies in Modernism
|
| 505 |
0 |
|
|a Arresting poetry: kitsch, totality, expression -- Poetic diction and the substance of kitsch -- Miscreant: dialectics and the persistence of the commonplace -- Live burial -- Illiterature -- Queer idylls: imposture, inversion, unknowing -- Kitsching the cantos: totality, fascism, and le paradis artificiel -- Junk: a shopper's guide to poetic language (and the New York school) -- Inventing cliches: the lost legacy of Baudelaire's Muddy Halo.
|
| 588 |
|
|
|a Description based on print version record.
|
| 650 |
|
7 |
|a Kitsch
|2 gnd
|
| 650 |
|
7 |
|a Banalität
|2 gnd
|
| 650 |
|
7 |
|a Lyrik
|2 gnd
|
| 650 |
|
7 |
|a Poetry.
|2 fast
|0 (OCoLC)fst01067691
|
| 650 |
|
7 |
|a Banality (Philosophy) in literature.
|2 fast
|0 (OCoLC)fst01902486
|
| 650 |
|
7 |
|a BIOGRAPHY & AUTOBIOGRAPHY
|x Literary.
|2 bisacsh
|
| 650 |
|
6 |
|a Banalite (Philosophie) dans la litterature.
|
| 650 |
|
6 |
|a Kitsch
|x Dans la litterature.
|
| 650 |
|
6 |
|a Poesie
|x Histoire et critique.
|
| 650 |
|
0 |
|a Banality (Philosophy) in literature.
|
| 650 |
|
0 |
|a Kitsch
|x In literature.
|
| 650 |
|
0 |
|a Poetry
|x History and criticism.
|
| 655 |
|
7 |
|a Criticism, interpretation, etc.
|2 fast
|0 (OCoLC)fst01411635
|
| 655 |
|
7 |
|a Electronic books.
|2 local
|
| 710 |
2 |
|
|a Project Muse.
|e distributor
|
| 830 |
|
0 |
|a Book collections on Project MUSE.
|
| 856 |
4 |
0 |
|z Texto completo
|u https://projectmuse.uam.elogim.com/book/28577/
|
| 945 |
|
|
|a Project MUSE - Custom Collection
|
| 945 |
|
|
|a Project MUSE - 2014 Literature
|
| 945 |
|
|
|a Project MUSE - 2014 Complete
|